Statistics for Capitals and Countries beginning with same 2 Letters

Click here to take the quiz!

General Stats

  • This quiz has been taken 908 times
    (623 since last reset)
  • The average score is 29 of 42

Answer Stats

Country/Capital% Correct
Mexico
87%
Mexico City
87%
Panama
87%
Panama City
87%
Guatemala
85%
Guatemala City
85%
Vatican City
85%
Vatican City
85%
Luxembourg
82%
Luxembourg
82%
San Marino
82%
San Marino
82%
Andorra
80%
Monaco
79%
Monaco
79%
Algeria
78%
Brasília
78%
Brazil
78%
Kuwait
77%
Kuwait City
77%
Algiers
76%
Andorra la Vella
75%
Tunis
75%
Tunisia
73%
Singapore
72%
Singapore
72%
Djibouti
66%
Djibouti
66%
São Tomé
61%
São Tomé and Príncipe
61%
Belize
57%
Taiwan
56%
Taipei
54%
Belmopan
53%
Sri Lanka
51%
Maldives
49%
Malé
48%
Sri Jayawardenapura Kotte
43%
Niger
42%
Niamey
40%
Majuro
33%
Marshall Islands
32%

Score Distribution

Percentile by Number Answered

Percent of People with Each Score

Your Score History

You have not taken this quiz since the last reset